Géographie de l'Amérique du Sud par lettre - F - Statistiques

Statistiques générales
  • Ce quiz a été pris 102 fois
  • Le résultat moyen est 9 sur 20
Statistiques - réponses
Question Réponse % Correct
Nom donné aux bidonvilles brésiliens Favela
89%
Métal dont le Brésil est le 2ème exportateur mondial Fer
89%
La région amazonienne contient la plus grande du monde Forêt
88%
Alignement de volcans autour de l'océan Pacifique, dont fait partie toute la région andine Ceinture de {feu}
78%
Celle du Pérou-Chili est dans le top 10 mondial (Top 1 : celle des Mariannes) {Fosse} océanique
78%
Prénom du conquistador ayant mis fin à l'empire Inca {Francisco} Pizarro
66%
Uruguay, Parana, Sao Francisco... pour ne pas citer les plus connus Fleuve
56%
Les îles Malouines en VO Falkland
51%
Guerilla communiste impliquée dans le conflit armé colombien FARC
48%
Province d'Argentine, dont le nom rappelle curieusement l'ancien nom de Taiwan Formosa
44%
Etat du Vénézuela, dont le nom désigne aussi un rapace en anglais, ou un avion américain Falcon
41%
Ordre religieux ayant contribué à l'évangélisation de l'Amérique latine et notamment au Pérou Franciscains
38%
Quand la mer s'enfonce profondément dans la côte... type de formation particulièrement présente au Chili Fjord
36%
Importante ville côtière du Nordeste brésilien Fortaleza
34%
Maladie tropicale transmise par un moustique, présente en Amazonie Fièvre jaune
31%
Type d'organisation d'un état, mentionné dans la devise venézuelienne Fédération
24%
Ancien président du Pérou, d'origine japonaise Alberto Fujimori
9%
Archipel au large du Chili, où un naufragé aurait vécu seul pendant 4 ans, source d'inspiration de Robinson Crusoe Archipel Juan {Fernandez}
9%
Ville du sud du Brésil, où vit une importante communauté germanophone Florianopolis
8%
L'équivalent brésilien d'une hacienda, grande propriété terrienne Fazenda
2%
Aucun quiz correspondant
Distribution des résultats
% des personnes avec chaque résultat
Percentile par nombre de réponses
Votre historique - résultats
Vous n’avez pas pris ce quiz